75 Tychy Sikorskiego Wiadukt - Mikołow Krakowska - Statystyki

Ogólne statystyki
  • Ten quiz został rozwiązany 23 razy
    9 od ostatniego zresetowania
  • Średni wynik to 17 z 30
Statystyki odpowiedzi
Hint Odpowiedź % Poprawnych
Tychy Sikorskiego Wiadukt
86%
Tychy Bielska
71%
Mikołów Dworzec
71%
Tychy Dworzec PKP
71%
Tychy Elfów
71%
Tychy Gen. Andersa
71%
Tychy Hotelowiec
71%
Tychy Lodowisko
71%
Tychy Osiedle O
71%
Tychy Stadion
71%
Tychy Tęcza
71%
Tychy Urząd Miasta
71%
Tychy E.Leclerc
57%
Tychy Jezioro Paprocańskie
57%
Mikołów Krakowska
57%
Tychy Niepodległości
57%
Tychy Osiedle T
57%
Tychy Osiedle Z
57%
Tychy Osiedle Z1
57%
Tychy Paprocany Dymarek
57%
Tychy Paprocany Pętla
57%
Tychy Pływalnia
57%
Tychy Radziejówka
57%
Tychy Wilkowyje Gospoda
57%
Tychy Chłodnicza
43%
Mikołów Plac Synagogi
43%
Mikołów Gronie Wspólna
29%
Mikołów Gronie Na Wzgórzu
14%
Tychy Wilkowyje Mikołowska
14%
Tychy Wilkowyje Wierzbowa
14%
Nie znaleziono quizów pasujących do podanych kryteriów
Rozkład punktacji
Procent ludzi z każdym wynikiem
Percentyl według liczby udzielonych odpowiedzi
Twoja historia wyników
Nie rozwiązałeś tego quizu od ostatniego zresetowania